| 000 | 00452nam a2200133Ia 4500 | ||
|---|---|---|---|
| 008 | 170221s9999 xx 000 0 und d | ||
| 100 | _aSeedwell T.M. Sithole | ||
| 245 | 4 | _aThe Effects of Presentation Formats on Understanding Financial Accounting: an Experimental Study | |
| 245 | _cSeedwell T.M. Sithole | ||
| 260 | _c2012 | ||
| 300 | _a20 : 1 | ||
| 650 | _xBusiness | ||
| 856 | _uhttp://ro.uow.edu.au/cgi/viewcontent.cgi?article=1699&context=aabfj | ||
| 999 |
_c311697 _d311697 |
||